| 000 | 00436nam a2200157Ia 4500 | ||
|---|---|---|---|
| 003 | GCL | ||
| 005 | 20240530104221.0 | ||
| 008 | 140319s9999 xx 000 0 ara d | ||
| 040 |
_aGCL / _cGCL |
||
| 082 | 0 | 4 |
_a810.9 _bع ت |
| 100 | 1 | _aعلى شلش | |
| 245 | 1 | 0 |
_aالتمرد على الادب : دراسة فى تجربة سيد قطب / _cعلى شلش |
| 300 | _a224 ص | ||
| 650 | 0 | 4 | _aالادب العربى |
| 942 |
_2ddc _cBK |
||
| 999 |
_c45555 _d45555 |
||